Movie Alphabet P - Statistics

General Stats
  • This quiz has been taken 45 times
  • The average score is 10 of 16
Answer Stats
Picture Answer % Correct
Peter Pan
95%
Pulp Fiction
84%
Psych: The Movie
76%
Pirates of the Caribbean: The Curse of the Black Pearl
70%
The Princess Bride
70%
Poltergeist
68%
Predator
68%
Platoon
65%
Psycho
65%
Planet of the Apes
59%
Point Break
54%
Pacific Rim
49%
Pretty in Pink
46%
The Purge
38%
Pet Sematary
32%
The Picture of Dorian Gray
14%
No matching quizzes found
Score Distribution
Percent of People with Each Score
Percentile by Number Answered
Your Score History
You have not taken this quiz